Khud se kai sawal: Ek Bharatiya film-chhatra ke notebook (Record no. 30822)

MARC details
000 -LEADER
fixed length control field 00474nam a2200169Ia 4500
008 - FIXED-LENGTH DATA ELEMENTS--GENERAL INFORMATION
fixed length control field 230917s9999||||xx |||||||||||||| ||und||
020 ## - ISBN
Price RS399
040 ## - CATALOGING SOURCE
-- 249947
Original cataloging agency VIVEKANANDA LIBRARY
041 ## - Language
-- English
082 ## - DDC NUMBER
Classification number 791.430954 D954K
100 ## - MAIN ENTRY--PERSONAL NAME
Personal name Dutta, Amit
245 #0 - TITLE STATEMENT
Title Khud se kai sawal: Ek Bharatiya film-chhatra ke notebook
260 ## - PUBLICATION, DISTRIBUTION, ETC. (IMPRINT)
Place of publication, distribution, etc New Delhi
Name of publisher, distributor, etc Rajkamal Prakashan
Date of publication, distribution, etc 2017
300 ## - PHYSICAL DESCRIPTION
Pages 161 p.
500 ## - GENERAL NOTE
General note 3445 11/03/2019 RK18/1661 20/09/2018 UGC Grant
942 ## - ADDED ENTRY ELEMENTS (KOHA)
Koha item type Books
Holdings
Withdrawn status Lost status Damaged status Not for loan Location (home branch) Sublocation or collection (holding branch) Date acquired Koha issues (times borrowed) Koha full call number Accession No. Koha date last seen Koha item type
        VIVEKANANDA LIBRARY VIVEKANANDA LIBRARY 14/10/2018   791.430954 D954K 381087 17/09/2023 Books
        VIVEKANANDA LIBRARY VIVEKANANDA LIBRARY 14/10/2018   791.430954 D954K 383164 17/09/2023 Books
© Designed and Maintained by Vivekananda Library, MDU Rohtak